Metodiky hodnotenia trvalo udržateľných budov
Tendencia zlepšovania projektovania budov, ich výstavby, prevádzky, správy ako aj údržby s cieľom znížiť negatívne vplyvy na ľudí a životné prostredie. Metodológia hodnotenia trvalo udržateľných budov. Metodológia Green building challenge (GBC). Možnosť úpravy kritérií tejto metódy v jednotlivých k...
Salvato in:
| Autore principale: | |
|---|---|
| Natura: | Capitolo di libro |
| Lingua: | slovacco |
| Soggetti: | |
| Tags: |
Nessun Tag, puoi essere il primo ad aggiungerne!!
|
MARC
| LEADER | 00000naa$a2200000$$$4500 | ||
|---|---|---|---|
| 001 | 0090033 | ||
| 005 | 20230511072439.4 | ||
| 041 | 0 | |a slo | |
| 044 | |a SK | ||
| 245 | 1 | 0 | |a Metodiky hodnotenia trvalo udržateľných budov |c Jozef Hraška |
| 520 | |a Tendencia zlepšovania projektovania budov, ich výstavby, prevádzky, správy ako aj údržby s cieľom znížiť negatívne vplyvy na ľudí a životné prostredie. Metodológia hodnotenia trvalo udržateľných budov. Metodológia Green building challenge (GBC). Možnosť úpravy kritérií tejto metódy v jednotlivých krajinách - regiónoch. Medzinárodné kritériá verzus národné kritériá. | ||
| 610 | 2 | 0 | |a stavby |
| 610 | 2 | 0 | |a stavebníctvo |
| 610 | 2 | 0 | |a budovy |
| 610 | 2 | 0 | |a ekológia |
| 610 | 2 | 0 | |a normy technické |
| 610 | 2 | 0 | |a normy medzinárodné |
| 100 | 1 | |a Hraška, Jozef | |